Дело о происшествиях по Московской столице

Доступно только в Электронных читальных залах Найти на картеНа карте
RUSMARC
00003707nmc2a22000003x 450
001bfea220b-0a26-41ec-80a2-4c86db5bfc4c
00520210513142209.0
100##$a20190603l18761877k l0rusy0189 ca
1010#$arus
102##$aRU
2001#$aДело о происшествиях по Московской столице
$j30 июля 1876 г. - 12 января 1877 г.
$hЧасть 2
251##$cДело
300##$aПо части секретаря
801#0$aRU
$bРГИА
$c20190603
$gRCR
801#1$aRU
$bГлавНИВЦ
$c20190603
$2rusmarc
801#2$aRU
$bПБ им. Б.Н. Ельцина
$c20210513
$gRCR
$2rusmarc
850##$aРГИА
852##$aРГИА
$eФедеральное казенное учреждение "Российский государственный исторический архив" (РГИА)
$j1226
937##$hРГИА
$d12317751
$aASBIBLIO_SCAN
462#0$1001d3b54a74-3810-4f12-95f0-d86f2be534cc
$12001
$aДела Департамента полиции исполнительной МВД за 1876 год
$1251
$cОпись
$1852
$j37
$l1876 г.
461#0$10013e300ed0-cd39-49af-8489-5ba5b90fa401
$12001
$aДепартамент полиции исполнительной МВД
$1251
$cФонд
$1852
$j1286
215##$a200 л.
$d36,5х26 см
371##$aДокумент не является опубликованным и широко распространяемым
105##$ay###
1222#$ad
035##$abfea220b-0a26-41ec-80a2-4c86db5bfc4c
856##$uhttp://readingroom.main.prlib.ru/item.aspx?id_node=n164434680&mode=full
Формат отображения